| 000 | 00643nam a22002291i 4500 | ||
|---|---|---|---|
| 001 | 18513 | ||
| 003 | ES-MaACL | ||
| 007 | t| | ||
| 008 | 020128s1978 sp r ||||0| spa j | ||
| 016 | 7 | _zIND91025161 | |
| 020 | _a84-01-80576-7 | ||
| 040 |
_aM-BN _bspa _cA2 |
||
| 080 | _a821.134.2-31"19" | ||
| 100 |
_aAmilibia, Jesús María _eaut _9242757 |
||
| 245 | 1 | 0 |
_aEspañoles todos / _cJesús María Amilibia. |
| 250 | _a3ª ed. | ||
| 260 |
_aEsplugas de Llobregat, Barcelona : _bPlaza & Janés, _c1978. |
||
| 300 |
_a217 p., 2 h ; _c22 cm. |
||
| 852 |
_aES-MaACL _jG-4725 _bR.130950 |
||
| 942 | _2udc | ||
| 999 |
_c18513 _d18513 |
||